01891cam a22003374a 45000010009000000050017000090080041000260100017000670200018000840350013001020350021001150400057001360420008001930500022002010820014002231000026002372450119002632600046003823000021004285040053004495050419005025200276009215830041011976000027012386500025012656500048012909060045013389420012013839990017013959520141014121709792120260701102324.0111228s2012 ilu b 001 0 eng  a 2011051590 a9780830838110 a17097921 a(OCoLC)759909795 aDLCbengcDLCdYDXdBTCTAdYDXCPdBDXdBWXdSGBdDLC apcc00aBV4511b.I87 201200a248.42231 aIssler, Klaus Dieter.10aLiving into the life of Jesus :bthe formation of Christian character /cKlaus Issler ; foreword by Calvin Miller. aDowners Grove, Ill. :bIVP Books,cc2012. a239 p. ;c23 cm. aIncludes bibliographical references and indexes.0 aForm your heart, not just your behavior -- Wake up to five formation gaps -- Adapt formation practices for your journey -- Love: divine relational support in Jesus' life and ours -- Holy spirit: divine mentoring in Jesus' life and ours -- Scripture: divine revelation of reality and a "Jesus" lifestyle -- Three exemplary Jesus practices about relationships -- Three exemplary Jesus practices about money and work. aKlaus Issler derives insights from the life of Jesus in the Gospels to uncover the dynamics of becoming Christlike. You will discover how you can forge much deeper connections with Jesus so that his life begins to permeate your own character. --from publisher description aCataloguing:c20260701kmketermketer00aJesus ChristxExample. 0aSpiritual formation. 0aCharacterxReligious aspectsxChristianity. a7bcbccorignewd1eecipf20gy-gencatlg 2lcccBK c21738d21737 00102lcc70aKABUbKABUcGENd2026-07-01eDonationi2026/4002l0oBV4511 .I87 2012 C.1p38206r2026-07-01 10:25:01tC.1w2026-07-01yBK